Sports Quiz

Random Sports or World Quiz

1982 World Cup Quiz Stats

 Plays Quiz not verified by Sporcle

Score 0/24 Timer 04:00
0 Plays Today
Group Team % Correct
Group 3Argentina
98%
Group 4England
98%
Group 6Brazil
98%
Group 1Italy
96.2%
Group 5Spain
96.1%
Group 4France
95.9%
Group 2West Germany
95.8%
Group 6USSR
91.7%
Group 1Poland
89.4%
Group 6Scotland
89.4%
Group 3Belgium
87.6%
Group 2Austria
85.8%
Group Team % Correct
Group 2Chile
84.4%
Group 1Peru
80.3%
Group 2Algeria
80%
Group 5Northern Ireland
78.4%
Group 5Yugoslavia
78.2%
Group 1Cameroon
77.9%
Group 3Hungary
77.6%
Group 6New Zealand
76.2%
Group 4Czechoslovakia
75.6%
Group 5Honduras
69.3%
Group 3El Salvador
68.2%
Group 4Kuwait
66.2%

You're not logged in!

Compare scores with friends on all Sporcle quizzes.
OR
Log In

You Might Also Like...

Show Comments

Extras

Created Oct 31, 2009ReportNominate
Tags:World Quiz, 1982, cup, group, point, qualified, team

Top Quizzes Today


Score Distribution

Your Account Isn't Verified!

In order to create a playlist on Sporcle, you need to verify the email address you used during registration. Go to your Sporcle Settings to finish the process.

Report this User

Report this user for behavior that violates our Community Guidelines.

Details: